Akta Imigresen 1959/63 (Akta 155) & Peraturan-Peraturan dan Akta Pasport 1966 (Akta 150) : (Record no. 4589)

000 -LEADER
fixed length control field nam a22 a 4500
003 - CONTROL NUMBER IDENTIFIER
control field AKMAL
005 - DATE AND TIME OF LATEST TRANSACTION
control field 20170601110933.0
008 - FIXED-LENGTH DATA ELEMENTS--GENERAL INFORMATION
fixed length control field 17 s2003 my l 00 may d
020 ## - INTERNATIONAL STANDARD BOOK NUMBER
International Standard Book Number 9678913739 (kkt.):
Terms of availability RM19.00
040 ## - CATALOGING SOURCE
Transcribing agency AKMAL
082 04 - DEWEY DECIMAL CLASSIFICATION NUMBER
Classification number 342.595082 IMI
Edition number 21
090 00 - LOCALLY ASSIGNED LC-TYPE CALL NUMBER (OCLC); LOCAL CALL NUMBER (RLIN)
Classification number (OCLC) (R) ; Classification number, CALL (RLIN) (NR) 342.595082
Local cutter number (OCLC) ; Book number/undivided call number, CALL (RLIN) IMI
110 1# - MAIN ENTRY--CORPORATE NAME
Corporate name or jurisdiction name as entry element Malaysia
9 (RLIN) 400
245 10 - TITLE STATEMENT
Title Akta Imigresen 1959/63 (Akta 155) & Peraturan-Peraturan dan Akta Pasport 1966 (Akta 150) :
Remainder of title (hingga 20hb Mei 2003) /
Statement of responsibility, etc. disusun oleh Lembaga Penyelidikan Undang-Undang
260 ## - PUBLICATION, DISTRIBUTION, ETC.
Place of publication, distribution, etc. Petaling Jaya :
Name of publisher, distributor, etc. International Law Book Services,
Date of publication, distribution, etc. 2003
300 00 - PHYSICAL DESCRIPTION
Extent 191ms. ;
Dimensions 24cm
440 #0 - SERIES STATEMENT/ADDED ENTRY--TITLE
Title UNDANG-UNDANG MALAYSIA
9 (RLIN) 8840
650 #0 - SUBJECT ADDED ENTRY--TOPICAL TERM
Topical term or geographic name entry element Emigration and immigration law
Geographic subdivision Malaysia
9 (RLIN) 8691
650 #0 - SUBJECT ADDED ENTRY--TOPICAL TERM
Topical term or geographic name entry element Passports
Geographic subdivision Malaysia
9 (RLIN) 8692
710 1# - ADDED ENTRY--CORPORATE NAME
Corporate name or jurisdiction name as entry element Malaysia.
Title of a work Akta Pasport, 1966
9 (RLIN) 8693
710 2# - ADDED ENTRY--CORPORATE NAME
Corporate name or jurisdiction name as entry element Lembaga Penyelidikan Undang-Undang
9 (RLIN) 8841
942 ## - ADDED ENTRY ELEMENTS (KOHA)
Source of classification or shelving scheme
Koha item type Book
Holdings
Withdrawn status Lost status Source of classification or shelving scheme Damaged status Not for loan Collection code Home library Current library Shelving location Date acquired Inventory number Full call number Barcode Date last seen Price effective from Koha item type Public note
          NON-FICTION AKMAL Melaka AKMAL Melaka PINJAMAN 01.06.2017 304047 342.595082 IMI 201707319 01.06.2017 01.06.2017 Book Dilupuskan. No. Fail. ARKIBMLK.600-6/9/1 Jld.7 (54)
          NON-FICTION AKMAL Melaka AKMAL Melaka PINJAMAN 01.06.2017 304046 342.595082 IMI 201707318 01.06.2017 01.06.2017 Book Dilupuskan. No. Fail. ARKIBMLK.600-6/9/1 Jld.7 (54)
          NON-FICTION AKMAL Melaka AKMAL Melaka PINJAMAN 01.06.2017 304048 342.595082 IMI 201707317 01.06.2017 01.06.2017 Book Dilupuskan. No. Fail. ARKIBMLK.600-6/9/1 Jld.7 (54)
Pusat Sumber Maklumat Dato' Haji Sarmin Md Hussin, Akademi Kastam Diraja Malaysia, Melaka
Tel: 06-2331106 | Faks: 06-2313787